| 000 | 01120nam2a2200229 4500 | ||
|---|---|---|---|
| 001 | rc\2995347 | ||
| 005 | 20260315063339.0 | ||
| 035 | _a(NLR Aleph) 007139110 | ||
| 090 |
_a13614120 _c13614120 |
||
| 100 | _a20110916d1940 u y0rusy50 ca | ||
| 101 | 0 | _arus | |
| 102 | _aRU | ||
| 105 | _ay z ||||| | ||
| 200 | 1 |
_aСовременное развитие агломерации на южных заводах и влияние агломерата на результаты доменной плавки _fКафедра металлургии чугуна |
|
| 210 | _d1940 | ||
| 461 | 0 |
_1001rc\2995344 _12001#$aТруды Донецкого индустриального института$eВып. № 1-$vВып. № 3 _97037217 _aДонецкий политехнический институт _cХарьков _d1940 _nМеталлургиздат _oВып. № 1- _tТруды Донецкого индустриального института _vВып. № 3 |
|
| 700 | 1 |
_aМессерле _bК.В. |
|
| 801 | 0 |
_aRU _bNLR _gpsbo |
|
| 801 | 1 |
_aRU _bELAR _2rusmarc |
|
| 852 |
_aNLR _j40-17/151 |
||
| 942 | _cUNSPEC | ||
| 980 | _aNB | ||